000 00404nam a2200157Ia 4500
008 230917s9999||||xx |||||||||||||| ||und||
040 _e113108
_aMAIN
041 _aEnglish
082 _a512.5 H674L
100 _aHoffman , Kenneth
245 0 _aLinear Algebra
250 _a2nd ed.
260 _aNew Delhi
_bDorling Kindersley for Pearson Education
_c2006
300 _aVii p. ; 407p.
942 _cBK
999 _c141991
_d141991